Loading...

Mathematics dictionary /

Bibliographic Details
Main Author: James/ James
Format: Printed Book
Language:English
Published: Van Nostrand Reinhold Company,
LEADER 00384nam a2200109Ia 4500
008 120707s9999 xx 000 0 eng d
100 |a James/ James 
245 0 |a Mathematics dictionary / 
260 |b Van Nostrand Reinhold Company, 
942 |c BK 
999 |c 130657  |d 130657 
952 |0 0  |1 0  |4 0  |6 00_000000000000000_JAM  |7 0  |9 144378  |a MAT  |b MAT  |c ST1  |d 2012-07-10  |i 340  |l 0  |o 00 JAM  |p MAT340  |r 2013-08-01  |w 2013-08-01  |y BK